[Event "12sen.WM-H Naumburg"]
[Site "Naumburg/Saale(20.10.-03.11.)"]
[Date "2002.10.22"]
[Round "2"]
[White "Zoltek, Tadeuz"]
[Black "Masich, Vladimir"]
[Result "1-0"]
[WhiteElo "2317"]
[BlackElo "2084"]
[PlyCount "114"]
[EventDate "2002.11.??"]

1. c4 Nf6 2. Nf3 c5 3. g3 g6 4. Bg2 Bg7 5. O-O O-O 6. Nc3 Nc6 7. d4 cxd4 8.
Nxd4 Nxd4 9. Qxd4 d6 10. Qd3 Bf5 11. e4 Be6 12. b3 Qc8 13. Bb2 Bh3 14. Qe2 Bxg2
15. Kxg2 Re8 16. Nd5 Nxd5 17. exd5 Bxb2 18. Qxb2 Qc5 19. a4 a5 20. Rfe1 Rac8
21. Re3 Qb6 22. Qe2 Qd8 23. Re1 Rc7 24. Re4 Rd7 25. Qe3 Kg7 26. Qd4+ Kg8 27.
Qe3 Kg7 28. Rh4 h5 29. Qg5 e5 30. Rxh5 Qxg5 31. Rxg5 f5 32. h4 Kf6 33. f4 Rh8
34. Rh1 Rdh7 35. Re1 e4 36. Kf2 b6 37. Ke3 Re7 38. Rb1 Rc7 39. Kd4 Re7 40. Ke3
Rc7 41. Rb2 Ra7 42. Rg2 Rd7 43. Kd4 Re7 44. Re2 Rd7 45. Rh2 Rhh7 46. Rh1 Rh6
47. Rb1 Ra7 48. Rc1 Ra8 49. Rg1 Re8 50. Rg2 Reh8 51. g4 Rxh4 52. gxf5 gxf5 53.
Rg6+ Ke7 54. Re6+ Kd7 55. Rg7+ Kc8 56. Rxd6 Rh3 57. Rc6+ Kb8 1-0

[Event "12sen.WM-H Naumburg"]
[Site "Naumburg/Saale(20.10.-03.11.)"]
[Date "2002.10.22"]
[Round "2"]
[White "Zurel, Maxim"]
[Black "Girod, Gudrun"]
[Result "1/2-1/2"]
[WhiteElo "1777"]
[BlackElo "1406"]
[PlyCount "63"]
[EventDate "2002.11.??"]

1. e4 e5 2. Nf3 d6 3. Bc4 Be7 4. O-O Nf6 5. Nc3 O-O 6. d4 Bg4 7. h3 Bh5 8. d5
h6 9. Bd2 c6 10. Qc1 Bxf3 11. gxf3 Nh5 12. Kh2 Kh8 13. Bxh6 Rg8 14. Be3 f6 15.
Rg1 g5 16. Rg4 Rg7 17. Qg1 Nf4 18. Bxf4 exf4 19. Ne2 Nd7 20. Nxf4 Ne5 21. Ne6
Qg8 22. Be2 Nxg4+ 23. fxg4 Rg6 24. f3 Qh7 25. Qd4 Rh6 26. Nxg5 Qg6 27. Ne6 Qh7
28. Bf1 Qf7 29. Qe3 Qh7 30. c3 Bf8 31. Qf4 Rh4 32. Qxf6+ 1/2-1/2

[Event "12sen.WM-H Naumburg"]
[Site "Naumburg/Saale(20.10.-03.11.)"]
[Date "2002.10.23"]
[Round "3"]
[White "Achenbach, Manfred"]
[Black "Ljubarskij, Jurij"]
[Result "0-1"]
[WhiteElo "2040"]
[BlackElo "2317"]
[PlyCount "80"]
[EventDate "2002.11.??"]

1. e4 e5 2. d4 exd4 3. c3 Qe7 4. Qe2 d5 5. exd5 Nf6 6. Nf3 Qxe2+ 7. Bxe2 dxc3
8. Nxc3 Bb4 9. O-O O-O 10. Rd1 Re8 11. Be3 Ng4 12. Bb5 Nxe3 13. Bxe8 Nxd1 14.
Rxd1 Kf8 15. Bb5 Nd7 16. Ne4 a6 17. Bxd7 Bxd7 18. a3 Re8 19. Rd4 Bd6 20. Nxd6
cxd6 21. h3 Re2 22. Rb4 b5 23. Rb3 Rc2 24. a4 bxa4 25. Rb7 Bc8 26. Rb6 Ke7 27.
Nd4 Rc5 28. Nc6+ Kd7 29. Na7 Rxd5 30. Nxc8 Kxc8 31. Rb4 Ra5 32. Kf1 a3 33. bxa3
Rxa3 34. Rf4 f6 35. Rg4 g5 36. Rc4+ Kd7 37. Rb4 Rc3 38. Rb8 Rc8 39. Rb7+ Kc6
40. Rxh7 a5 0-1

[Event "12sen.WM-H Naumburg"]
[Site "Naumburg/Saale(20.10.-03.11.)"]
[Date "2002.10.23"]
[Round "3"]
[White "Asmundsson, Ingvar"]
[Black "Badestein, Hartmut"]
[Result "1-0"]
[WhiteElo "2358"]
[BlackElo "2122"]
[PlyCount "119"]
[EventDate "2002.11.??"]

1. b3 Nf6 2. Bb2 g6 3. e4 d6 4. f4 Bg7 5. Nf3 O-O 6. Qe2 Nc6 7. d4 e5 8. fxe5
dxe5 9. dxe5 Ng4 10. Nbd2 Ngxe5 11. O-O-O Qe7 12. h3 Be6 13. Nxe5 Bxe5 14. Nf3
Bxb2+ 15. Kxb2 Rfd8 16. Rxd8+ Rxd8 17. Qe3 Rd1 18. Rg1 Qb4 19. Bd3 Rxg1 20.
Qxg1 a5 21. Qe3 a4 22. a3 Qa5 23. b4 Qh5 24. Qg5 Qxg5 25. Nxg5 Bd7 26. Nf3 f6
27. b5 Na5 28. Kc3 c5 29. bxc6 Bxc6 30. Nd4 Bd7 31. Bb5 Bxb5 32. Nxb5 Kf7 33.
Kb4 b6 34. Nd4 Ke7 35. Kxa4 Kd6 36. Kb5 Kc7 37. a4 h5 38. Ne6+ Kb7 39. c3 Nc6
40. Nf4 Ne5 41. Nd5 Nd7 42. c4 h4 43. Nf4 Ne5 44. c5 g5 45. Nd5 bxc5 46. Nxf6
c4 47. Nd5 g4 48. hxg4 Nxg4 49. Kxc4 Ne5+ 50. Kd4 Nf3+ 51. Ke3 Ne1 52. Kf2 Nd3+
53. Ke3 Ne1 54. Kf2 Nd3+ 55. Kg1 Nc5 56. Nc3 Kb6 57. e5 Ka5 58. Kh2 Kb4 59.
Nd5+ Kxa4 60. Nc7 1-0

[Event "12sen.WM-H Naumburg"]
[Site "Naumburg/Saale(20.10.-03.11.)"]
[Date "2002.10.23"]
[Round "3"]
[White "Bakalarczyk, Wlodimierz"]
[Black "Duemmke, Juergen"]
[Result "1/2-1/2"]
[WhiteElo "2003"]
[BlackElo "2191"]
[PlyCount "120"]
[EventDate "2002.11.??"]

1. d4 Nf6 2. c4 g6 3. Nc3 d5 4. Nf3 Bg7 5. Qb3 dxc4 6. Qxc4 O-O 7. e4 Nfd7 8.
Be3 Nb6 9. Qd3 Bg4 10. Be2 Nc6 11. Rd1 Nb4 12. Qb1 Bxf3 13. gxf3 e6 14. h4 Nc6
15. Qd3 e5 16. d5 Nd4 17. Bxd4 exd4 18. Nb5 c6 19. dxc6 bxc6 20. Nxd4 c5 21.
Nc6 Qc7 22. Qb5 Rfc8 23. Na5 a6 24. Qb3 Bd4 25. h5 Nd7 26. Nc4 Rcb8 27. Qc2 Ne5
28. hxg6 fxg6 29. b3 Rf8 30. Nxe5 Qxe5 31. Kf1 Qf4 32. Qc4+ Kg7 33. Qe6 Ra7 34.
Rh3 Rf6 35. Qe8 Rf8 36. Qa4 a5 37. Kg2 Qg5+ 38. Rg3 Qf6 39. Rh1 Be5 40. Rg4 Rd8
41. Qc4 Qe7 42. f4 Bd4 43. Bf3 Qf7 44. Qc1 Kh8 45. f5 gxf5 46. Qg5 fxg4 47.
Qxd8+ Kg7 48. Qg5+ Qg6 49. Qxg6+ hxg6 50. Bxg4 a4 51. Be6 Kf6 52. Bd5 axb3 53.
axb3 Ra2 54. Rf1 Rb2 55. Kg3 g5 56. f4 gxf4+ 57. Rxf4+ Ke7 58. Kg4 Rg2+ 59. Kh5
Rf2 60. Rh4 Be5 1/2-1/2

[Event "12sen.WM-H Naumburg"]
[Site "Naumburg/Saale(20.10.-03.11.)"]
[Date "2002.10.23"]
[Round "3"]
[White "Barlo, Werner"]
[Black "Schwagrowski, Bernd"]
[Result "1-0"]
[WhiteElo "1675"]
[BlackElo "1543"]
[PlyCount "55"]
[EventDate "2002.11.??"]

1. d4 Nf6 2. Bf4 g6 3. Nf3 Bg7 4. Nbd2 O-O 5. e4 d6 6. h3 Re8 7. Bc4 Nbd7 8.
O-O c5 9. c3 a6 10. Ng5 Rf8 11. Qb3 d5 12. exd5 Nb6 13. dxc5 Nxc4 14. Nxc4 Nxd5
15. Rad1 e6 16. Nb6 Bh6 17. Nxe6 Bxe6 18. Bxh6 Nxb6 19. Qxb6 Qxb6 20. cxb6 Rfd8
21. a3 Rac8 22. Bg5 Rd5 23. Rxd5 Bxd5 24. Rd1 Rc5 25. Be3 Rb5 26. a4 Rxb2 27.
Rxd5 Kg7 28. Bd4+ 1-0

[Event "12sen.WM-H Naumburg"]
[Site "Naumburg/Saale(20.10.-03.11.)"]
[Date "2002.10.23"]
[Round "3"]
[White "Baumgartner, Heinz"]
[Black "Jahr, Dieter"]
[Result "1-0"]
[WhiteElo "2340"]
[BlackElo "2045"]
[PlyCount "52"]
[EventDate "2002.11.??"]

1. Nf3 d5 2. g3 g6 3. Bg2 Bg7 4. d4 Nf6 5. c4 e6 6. Nc3 c6 7. O-O O-O 8. Qd3
Nbd7 9. Bd2 b6 10. e4 Bb7 11. e5 dxc4 12. Qxc4 Nd5 13. Bg5 Qc8 14. Ne4 f6 15.
exf6 N7xf6 16. Nd6 Qc7 17. Nxb7 Qxb7 18. Rfe1 Rfe8 19. Bh3 b5 20. Qc2 Qc8 21.
Rac1 Nb4 22. Qb3 Nfd5 23. a3 Na6 24. Qc2 Nb8 25. Ne5 Bxe5 26. Rxe5 a5 1-0

[Event "12sen.WM-H Naumburg"]
[Site "Naumburg/Saale(20.10.-03.11.)"]
[Date "2002.10.23"]
[Round "3"]
[White "Beckel, Friedrich"]
[Black "Chehlov, Alexander"]
[Result "0-1"]
[WhiteElo "2039"]
[BlackElo "2274"]
[PlyCount "78"]
[EventDate "2002.11.??"]

1. e4 e5 2. Nf3 Nc6 3. Bb5 a6 4. Ba4 d6 5. O-O Bd7 6. c3 Nf6 7. Re1 g6 8. d4
Qe7 9. Nbd2 Bg7 10. Bc2 O-O 11. Nf1 Rae8 12. Bg5 h6 13. Bxf6 Qxf6 14. Ne3 exd4
15. Nd5 Qd8 16. Nxd4 Nxd4 17. cxd4 c6 18. Nc3 Qb6 19. Ne2 Bg4 20. f3 Be6 21.
Qd3 d5 22. Kh1 dxe4 23. fxe4 Rd8 24. Qa3 Bg4 25. e5 Bxe2 26. Rxe2 Qxd4 27. e6
fxe6 28. Qb3 Qxb2 29. Qxe6+ Kh8 30. Rae1 Rf6 31. Qe7 Rdf8 32. h3 Qd4 33. Qe3
Qd6 34. Qc1 b5 35. Re7 Qd4 36. Qe3 Rf1+ 37. Kh2 Rxe1 38. Qxe1 Qd6+ 39. g3 Qf6
0-1

[Event "12sen.WM-H Naumburg"]
[Site "Naumburg/Saale(20.10.-03.11.)"]
[Date "2002.10.23"]
[Round "3"]
[White "Becker, Karl_Heinz[31Dorm]"]
[Black "De_Mol, Fer"]
[Result "1-0"]
[WhiteElo "1562"]
[BlackElo "1313"]
[PlyCount "81"]
[EventDate "2002.11.??"]

1. d4 Nf6 2. Nf3 e6 3. c4 c6 4. Nc3 Be7 5. e4 d6 6. Bd3 Nbd7 7. O-O O-O 8. Bg5
h6 9. Bd2 e5 10. h3 Rb8 11. dxe5 dxe5 12. Be3 Qa5 13. a3 a6 14. b4 Qc7 15. c5
Rd8 16. Qc2 Nf8 17. Ne2 Be6 18. Rad1 g5 19. Ng3 Ng6 20. Nf5 Bxf5 21. exf5 Nf4
22. Bxf4 exf4 23. Bc4 Ne8 24. Qe4 Bf6 25. Rde1 Rd7 26. Ne5 Re7 27. Be6 fxe6 28.
Ng6 Ng7 29. Nxe7+ Qxe7 30. fxe6 Re8 31. Qg6 Bb2 32. Re2 Qf6 33. Qf7+ Kh8 34.
Qxb7 Bxa3 35. Qxc6 Bxb4 36. Rd1 a5 37. Rd7 Rxe6 38. Qc8+ Kh7 39. Rxg7+ Qxg7 40.
Qxe6 Bxc5 41. Qf5+ 1-0

[Event "12sen.WM-H Naumburg"]
[Site "Naumburg/Saale(20.10.-03.11.)"]
[Date "2002.10.23"]
[Round "3"]
[White "Bierbach, Utz_Friedrich"]
[Black "Weigel, Max"]
[Result "1-0"]
[WhiteElo "2043"]
[BlackElo "1579"]
[PlyCount "71"]
[EventDate "2002.11.??"]

1. d4 Nf6 2. c4 e6 3. Nf3 Bb4+ 4. Nbd2 O-O 5. a3 Be7 6. Qc2 d5 7. e3 a5 8. Bd3
g6 9. O-O c5 10. dxc5 Nc6 11. cxd5 exd5 12. b3 Re8 13. Bb2 Bf8 14. Rfe1 Bg7 15.
Rad1 Be6 16. Nd4 Qc7 17. N2f3 h6 18. Nb5 Qd7 19. Nd6 Re7 20. Bb5 Qd8 21. e4 Bg4
22. Bxf6 Bxf6 23. Rxd5 Bxf3 24. gxf3 Nd4 25. Qd3 Re5 26. Rxd4 Rg5+ 27. Kf1 Bxd4
28. Qxd4 Rh5 29. Bc4 Rxh2 30. Bxf7+ Kh7 31. Ke2 Rg2 32. Rh1 Qh8 33. e5 Rd8 34.
Qd5 Rg5 35. f4 Rf5 36. Nxf5 1-0

[Event "12sen.WM-H Naumburg"]
[Site "Naumburg/Saale(20.10.-03.11.)"]
[Date "2002.10.23"]
[Round "3"]
[White "Blaushtein, Boris"]
[Black "Daniel, Wolfgang"]
[Result "0-1"]
[WhiteElo "2157"]
[BlackElo "1885"]
[PlyCount "62"]
[EventDate "2002.11.??"]

1. c4 Nf6 2. Nc3 d6 3. g3 g6 4. Bg2 Bg7 5. d4 Nbd7 6. e4 e5 7. d5 a5 8. h3 O-O
9. Be3 b6 10. b3 Nc5 11. Qd2 Bd7 12. Nge2 Qe8 13. O-O Qc8 14. Kh2 Ne8 15. g4 f5
16. f3 f4 17. Bf2 Qd8 18. Rh1 h5 19. Rab1 Qf6 20. gxh5 gxh5 21. h4 Kh8 22. Ng1
Bh6 23. Bh3 Rd8 24. a3 Rg8 25. b4 axb4 26. axb4 Rg3 27. bxc5 Qxh4 28. Nce2 Bxh3
29. Nxg3 Bf1+ 30. Nh3 Qxh3+ 31. Kg1 Qg2# 0-1

[Event "12sen.WM-H Naumburg"]
[Site "Naumburg/Saale(20.10.-03.11.)"]
[Date "2002.10.23"]
[Round "3"]
[White "Bleher, Walter"]
[Black "Kaiser, Hans[35BGladb]"]
[Result "1-0"]
[WhiteElo "1895"]
[BlackElo "1639"]
[PlyCount "111"]
[EventDate "2002.11.??"]

1. e4 c5 2. Nc3 Nc6 3. g3 g6 4. Bg2 Bg7 5. d3 d6 6. f4 Nf6 7. Nf3 O-O 8. O-O
Rb8 9. Ne2 b5 10. c3 b4 11. Qc2 Bb7 12. h3 h5 13. Be3 e6 14. Nh4 Nd7 15. Qd2
Bf6 16. Nf3 Qe7 17. Kh2 Bg7 18. Nh4 Bf6 19. Nf3 Bg7 20. Rae1 a5 21. Ng5 f6 22.
Nf3 e5 23. Nh4 Kh7 24. f5 gxf5 25. Rxf5 Qe8 26. Bf3 Ne7 27. Rxh5+ Kg8 28. Bh6
Rf7 29. Bg4 Nf8 30. Rf1 Bc8 31. Bxc8 Rxc8 32. g4 Nh7 33. Ng3 Qf8 34. Ngf5 Nxf5
35. Nxf5 Rcc7 36. Nxg7 Rxg7 37. Bxg7 Qxg7 38. Qh6 Qxh6 39. Rxh6 c4 40. Rd1 Kg7
41. Rh5 Ng5 42. h4 Nf7 43. Rf5 cxd3 44. Rxd3 Rc4 45. g5 fxg5 46. hxg5 Rxe4 47.
Rdf3 Re2+ 48. Kg3 Nd8 49. Rf8 e4 50. R3f6 bxc3 51. bxc3 Re3+ 52. Kg4 Ne6 53.
R8f7+ Kg8 54. Kf5 Rf3+ 55. Kxe6 Rxf6+ 56. Rxf6 1-0

[Event "12sen.WM-H Naumburg"]
[Site "Naumburg/Saale(20.10.-03.11.)"]
[Date "2002.10.23"]
[Round "3"]
[White "Bodinger, Karl"]
[Black "Steffen, Guenter"]
[Result "1-0"]
[WhiteElo "1577"]
[BlackElo "1847"]
[PlyCount "95"]
[EventDate "2002.11.??"]

1. e4 b6 2. g3 Bb7 3. Bg2 Nf6 4. Nc3 c5 5. d3 d6 6. Bg5 Nbd7 7. Nf3 g6 8. Qd2
h6 9. Bf4 Bg7 10. O-O e5 11. Be3 a6 12. a4 Qc7 13. Rab1 Rc8 14. b3 Bc6 15. Nh4
Ng4 16. Nd5 Bxd5 17. exd5 Nxe3 18. fxe3 Bf6 19. Nf3 Qd8 20. e4 g5 21. Bh3 Rc7
22. Qf2 Nf8 23. Nd2 Bg7 24. Nc4 Re7 25. Ne3 Rc7 26. Nf5 Rg8 27. Bg4 Ng6 28. Bh5
Bf8 29. Qf3 Qd7 30. Rf2 Kd8 31. Rbf1 Qe8 32. c4 Kc8 33. Ne3 Kb7 34. Ng4 Bg7 35.
Kh1 Qd8 36. Qf5 Qe8 37. Nf6 Bxf6 38. Qxf6 Qf8 39. Bxg6 Qc8 40. Bf5 Qe8 41. Bh3
b5 42. axb5 axb5 43. Qf3 Rg6 44. Bf5 Rg7 45. Rc1 Kb6 46. Ra2 Rb7 47. Rca1 Rb8
48. Ra6+ 1-0

[Event "12sen.WM-H Naumburg"]
[Site "Naumburg/Saale(20.10.-03.11.)"]
[Date "2002.10.23"]
[Round "3"]
[White "Boehnisch, Manfred"]
[Black "Rost_van_Tonningen, Otto"]
[Result "1-0"]
[WhiteElo "2365"]
[BlackElo "2230"]
[PlyCount "119"]
[EventDate "2002.11.??"]

1. e4 d6 2. d4 Nf6 3. Nc3 Nbd7 4. f4 e5 5. Nf3 exd4 6. Qxd4 c6 7. Bd2 d5 8.
exd5 Bc5 9. Qd3 O-O 10. O-O-O cxd5 11. Nxd5 Nxd5 12. Qxd5 Qc7 13. Bd3 Nf6 14.
Qg5 h6 15. Qe5 Bd6 16. Qd4 Bc5 17. Qc3 a5 18. h3 Be6 19. Nd4 Bxa2 20. Nf5 Qb6
21. g4 Be6 22. g5 Bxf5 23. Bxf5 hxg5 24. fxg5 Bd4 25. Qb3 Qxb3 26. cxb3 Nd5 27.
Rhe1 g6 28. Be4 Rfd8 29. Kb1 Bg7 30. Bc1 Nb4 31. Bxb7 Rxd1 32. Rxd1 Re8 33. Bf3
Re5 34. Bd2 Rf5 35. Be2 Rf2 36. Bc4 Rh2 37. Bxb4 Rxb2+ 38. Kc1 axb4 39. Rd8+
Kh7 40. Bxf7 Bc3 41. Rd6 Kg7 42. Bxg6 Rg2 43. h4 Rg4 44. Bd3 Rxh4 45. Rd7+ Kf8
46. g6 Rg4 47. Kd1 Rg2 48. Be4 Rg4 49. Rf7+ Kg8 50. Re7 Kf8 51. Re6 Rg5 52. Rc6
Rg4 53. Rc4 Rg3 54. Ke2 Kg7 55. Kf2 Rh3 56. Rc7+ Kf8 57. Bd5 Rh2+ 58. Ke3 Rh4
59. Rf7+ Ke8 60. g7 1-0

[Event "12sen.WM-H Naumburg"]
[Site "Naumburg/Saale(20.10.-03.11.)"]
[Date "2002.10.23"]
[Round "3"]
[White "Bogorad, Michail"]
[Black "Reichenbach, Werner"]
[Result "1/2-1/2"]
[WhiteElo "2197"]
[BlackElo "2297"]
[PlyCount "31"]
[EventDate "2002.11.??"]

1. e4 d5 2. exd5 Qxd5 3. Nc3 Qa5 4. d4 Nf6 5. Bc4 c6 6. h3 Bf5 7. Nf3 e6 8. O-O
Bd6 9. Qe2 O-O 10. Ne5 Nbd7 11. Bf4 Qc7 12. g4 Bg6 13. Nxg6 hxg6 14. Bxd6 Qxd6
15. Rad1 Nb6 16. Bb3 1/2-1/2

[Event "12sen.WM-H Naumburg"]
[Site "Naumburg/Saale(20.10.-03.11.)"]
[Date "2002.10.23"]
[Round "3"]
[White "Brameyer, Hermann"]
[Black "Meiling, Hermann"]
[Result "1-0"]
[WhiteElo "2294"]
[BlackElo "2028"]
[PlyCount "61"]
[EventDate "2002.11.??"]

1. d4 d5 2. Nf3 e6 3. c4 Nf6 4. Nc3 c6 5. Bg5 Nbd7 6. e3 Qa5 7. Bxf6 Nxf6 8.
Bd3 Bb4 9. Qb3 dxc4 10. Bxc4 Nd5 11. Rc1 O-O 12. O-O Nxc3 13. bxc3 Bd6 14. Rfd1
Qh5 15. e4 Bf4 16. Rb1 b6 17. e5 Bb7 18. Re1 c5 19. d5 exd5 20. Bxd5 Bxd5 21.
Qxd5 Rfd8 22. Qe4 Bh6 23. g4 Qh3 24. g5 f5 25. exf6 gxf6 26. gxh6 Kh8 27. Ng5
Qd7 28. Rbd1 Qc7 29. Rxd8+ Rxd8 30. Qe8+ Rxe8 31. Rxe8# 1-0

[Event "12sen.WM-H Naumburg"]
[Site "Naumburg/Saale(20.10.-03.11.)"]
[Date "2002.10.23"]
[Round "3"]
[White "Chernikov, Oleg_L"]
[Black "Zoltek, Tadeuz"]
[Result "1/2-1/2"]
[WhiteElo "2464"]
[BlackElo "2317"]
[PlyCount "49"]
[EventDate "2002.11.??"]

1. d4 d5 2. c4 e6 3. Nc3 Nf6 4. Bg5 Be7 5. e3 O-O 6. Nf3 c6 7. Qc2 Nbd7 8. Rd1
Re8 9. Bf4 Qa5 10. Nd2 Nh5 11. Nb3 Qb6 12. Bg3 g6 13. Be2 Nxg3 14. hxg3 Bf6 15.
O-O Bg7 16. e4 dxe4 17. Nxe4 Nf6 18. Nd6 Rd8 19. c5 Qc7 20. Nd2 Bf8 21. N6e4
Nxe4 22. Qxe4 e5 23. Qxe5 Qxe5 24. dxe5 Bxc5 25. Bc4 1/2-1/2

[Event "12sen.WM-H Naumburg"]
[Site "Naumburg/Saale(20.10.-03.11.)"]
[Date "2002.10.23"]
[Round "3"]
[White "Dahlhaus, Friedhelm"]
[Black "Rahn, Oskar"]
[Result "1-0"]
[WhiteElo "2233"]
[BlackElo "2060"]
[PlyCount "111"]
[EventDate "2002.11.??"]

1. e4 e5 2. Nf3 Nc6 3. Bb5 a6 4. Bxc6 dxc6 5. O-O f6 6. d4 exd4 7. Nxd4 c5 8.
Nb3 Qxd1 9. Rxd1 Bd7 10. Be3 b6 11. Nc3 O-O-O 12. a4 a5 13. Nd2 Ne7 14. b3 g6
15. Nb5 Bg7 16. Nc4 Nc6 17. Bf4 Ne5 18. Nxe5 fxe5 19. Bg5 Rde8 20. c4 Bxb5 21.
axb5 h6 22. Bh4 g5 23. Bg3 Rd8 24. Rd5 Rxd5 25. exd5 Kd7 26. Re1 Re8 27. f3 Ra8
28. Bxe5 Re8 29. Bg3 Bd4+ 30. Kf1 Ra8 31. Rc1 a4 32. bxa4 Rxa4 33. Rc2 h5 34.
h3 h4 35. Bf2 Kd6 36. g3 Bxf2 37. Kxf2 Ke5 38. f4+ gxf4 39. gxh4 Ra3 40. Kg2
Rg3+ 41. Kh2 Rg7 42. Rg2 Rf7 43. Rg6 Kd4 44. d6 cxd6 45. Rxd6+ Kxc4 46. Rxb6 f3
47. Kg1 Kb3 48. Rc6 c4 49. b6 c3 50. Rc7 Rf6 51. b7 Rb6 52. h5 c2 53. h6 Ka3
54. h7 Rxb7 55. h8=Q Rxc7 56. Qa8+ 1-0

[Event "12sen.WM-H Naumburg"]
[Site "Naumburg/Saale(20.10.-03.11.)"]
[Date "2002.10.23"]
[Round "3"]
[White "Davydov, Michael"]
[Black "Breustedt, Werner"]
[Result "1-0"]
[WhiteElo "2038"]
[BlackElo "2264"]
[PlyCount "89"]
[EventDate "2002.11.??"]

1. e4 d6 2. d4 Nf6 3. Nc3 g6 4. Be3 Bg7 5. f3 Nbd7 6. Qd2 e5 7. Nge2 Qe7 8. Bh6
Bxh6 9. Qxh6 Rg8 10. Qd2 Nb6 11. b3 Bd7 12. a4 a5 13. d5 c6 14. dxc6 bxc6 15.
Nc1 g5 16. Nd3 Nh5 17. g4 Nf4 18. Nxf4 gxf4 19. O-O-O Nc8 20. Bc4 Be6 21. Qd3
Qb7 22. Kb2 Bxc4 23. Qxc4 Rg6 24. Ka2 Rb8 25. Rd2 Kf8 26. h4 h5 27. gxh5 Rg3
28. Qd3 Qb6 29. Nd1 Qb4 30. Rhh2 Kg7 31. Nb2 Kh6 32. Rdg2 Rxg2 33. Rxg2 Nb6 34.
Qd1 d5 35. Qg1 Qe7 36. Rg6+ Kh7 37. Rg7+ Kh8 38. h6 Qf6 39. Qg4 dxe4 40. fxe4
f3 41. Nd3 c5 42. Qh5 Rf8 43. Nxe5 f2 44. Nxf7+ Rxf7 45. Qxf7 1-0

[Event "12sen.WM-H Naumburg"]
[Site "Naumburg/Saale(20.10.-03.11.)"]
[Date "2002.10.23"]
[Round "3"]
[White "Didu, Kaplan"]
[Black "Zhukov, Viktor"]
[Result "1/2-1/2"]
[WhiteElo "2076"]
[BlackElo "2220"]
[PlyCount "41"]
[EventDate "2002.11.??"]

1. e4 c5 2. Nf3 Nc6 3. d4 cxd4 4. Nxd4 g6 5. Be3 Nf6 6. Nc3 Bg7 7. Nxc6 bxc6 8.
e5 Ng8 9. f4 f6 10. f5 fxe5 11. fxg6 d5 12. gxh7 Nf6 13. Bg5 Be6 14. Be2 Rxh7
15. Qd3 e4 16. Qg3 Bf7 17. O-O Qb6+ 18. Kh1 O-O-O 19. Bg4+ Kb7 20. Bf5 Rh5 21.
Qe5 1/2-1/2

[Event "12sen.WM-H Naumburg"]
[Site "Naumburg/Saale(20.10.-03.11.)"]
[Date "2002.10.23"]
[Round "3"]
[White "Dombrowski, Heinz_Guenter"]
[Black "Klose, Hans_Peter"]
[Result "1-0"]
[WhiteElo "1727"]
[BlackElo "1547"]
[PlyCount "51"]
[EventDate "2002.11.??"]

1. e4 c5 2. c3 e6 3. f4 Nc6 4. Nf3 d6 5. Bb5 Bd7 6. a4 a6 7. Bd3 Be7 8. O-O Qb6
9. Kh1 O-O-O 10. Na3 d5 11. Bc2 dxe4 12. Bxe4 Nf6 13. Nc4 Qc7 14. d3 Nxe4 15.
dxe4 Be8 16. Qe2 f6 17. a5 Nxa5 18. Nxa5 Bh5 19. Be3 Bd6 20. Qc4 Bf7 21. e5 b5
22. Qe4 f5 23. exd6 fxe4 24. dxc7 Kxc7 25. Ne5 Rhf8 26. Bxc5 1-0

[Event "12sen.WM-H Naumburg"]
[Site "Naumburg/Saale(20.10.-03.11.)"]
[Date "2002.10.23"]
[Round "3"]
[White "Dornieden, Manfred_Dr"]
[Black "Meszaros, Ignac"]
[Result "0-1"]
[WhiteElo "2299"]
[BlackElo "2144"]
[PlyCount "30"]
[EventDate "2002.11.??"]

1. c4 Nf6 2. g3 e5 3. Bg2 g6 4. Nc3 Bg7 5. Nf3 Nc6 6. d4 exd4 7. Nxd4 O-O 8.
Nxc6 dxc6 9. Qxd8 Rxd8 10. Bd2 Be6 11. b3 Ng4 12. f3 Rxd2 13. Kxd2 Rd8+ 14. Nd5
Bxa1 15. Rxa1 Nf6 0-1

[Event "12sen.WM-H Naumburg"]
[Site "Naumburg/Saale(20.10.-03.11.)"]
[Date "2002.10.23"]
[Round "3"]
[White "Eidam, Horst"]
[Black "Just, Joachim"]
[Result "1/2-1/2"]
[WhiteElo "1862"]
[BlackElo "2149"]
[PlyCount "146"]
[EventDate "2002.11.??"]

1. c4 e5 2. Nc3 Nf6 3. g3 d5 4. cxd5 Nxd5 5. Bg2 Nb6 6. Nf3 Nc6 7. O-O Be7 8.
e3 O-O 9. a3 Be6 10. Qc2 Bc4 11. Rd1 Bd3 12. Qb3 Na5 13. Qa2 Bc2 14. Re1 Nb3
15. Nxe5 c6 16. d4 Bf6 17. Ng4 Be7 18. Re2 Nxa1 19. Qxa1 Bf5 20. Ne5 Bf6 21.
Nf3 Re8 22. b4 a5 23. b5 Bd3 24. Rb2 c5 25. Rd2 c4 26. Ne1 Qc7 27. Nxd3 cxd3
28. Rxd3 Rac8 29. Bb2 Qc4 30. Rd1 Rc7 31. Ne4 Qe6 32. Nc5 Qc8 33. Rc1 Be7 34.
Nxb7 Rxc1+ 35. Qxc1 Qxc1+ 36. Bxc1 Rc8 37. Bc6 a4 38. d5 Nc4 39. e4 Bxa3 40.
Bxa3 Nxa3 41. d6 Nc4 42. d7 Rb8 43. Bd5 Nb6 44. d8=Q+ Rxd8 45. Nxd8 Nxd5 46.
Nc6 a3 47. Nd4 a2 48. Nb3 Nb6 49. Kf1 Kf8 50. Ke2 Na4 51. Na1 Nc3+ 52. Kd3 Nxb5
53. Kc2 Ke7 54. Kb2 Kd6 55. f4 Nd4 56. Kxa2 Nf3 57. Nc2 Nxh2 58. Ne3 Kc5 59. e5
g6 60. Kb3 Kd4 61. Nc4 Ng4 62. Nd6 Nh6 63. g4 Nxg4 64. Nxf7 Ke4 65. Ng5+ Kxf4
66. Nxh7 Nxe5 67. Kc3 Kf5 68. Kd4 Nd7 69. Ke3 Kg4 70. Ke4 Kh5 71. Kf4 Kh6 72.
Ng5 Nc5 73. Kg4 Nd3 1/2-1/2

[Event "12sen.WM-H Naumburg"]
[Site "Naumburg/Saale(20.10.-03.11.)"]
[Date "2002.10.23"]
[Round "3"]
[White "Fabritius, Herbert"]
[Black "Schoenegg, Werner"]
[Result "1/2-1/2"]
[WhiteElo "1726"]
[BlackElo "2015"]
[PlyCount "190"]
[EventDate "2002.11.??"]

1. d4 d6 2. Nf3 Nf6 3. c3 g6 4. Bg5 Bg7 5. e3 Nbd7 6. Nbd2 c6 7. Bc4 b5 8. Bb3
a5 9. a3 O-O 10. O-O c5 11. h3 c4 12. Bc2 Bb7 13. Bf4 Qc7 14. Re1 e5 15. Bg5 e4
16. Bxf6 Nxf6 17. Nh2 Rfe8 18. Rc1 h5 19. f4 exf3 20. Nhxf3 d5 21. Ne5 Nh7 22.
Nef3 Nf6 23. Ne5 Ne4 24. Nxe4 dxe4 25. Qe2 Bxe5 26. dxe5 Qxe5 27. Qf2 Rad8 28.
Re2 Re7 29. Rf1 f5 30. Qh4 Kg7 31. Qg5 Bc8 32. Ref2 Qf6 33. Qf4 Re5 34. Bxe4 g5
35. Qf3 Rde8 36. Bc2 Kh6 37. e4 f4 38. Rd2 Bb7 39. Rd4 Qg6 40. Re1 Qb6 41. Kh2
Qf6 42. Bd1 h4 43. Qh5+ Kg7 44. Bc2 Bc8 45. Red1 Qe7 46. Rd6 Be6 47. Qf3 Rg8
48. Qf2 Kh8 49. Qd4 Qf6 50. Rd8 f3 51. Rxg8+ Bxg8 52. Qf2 Qf4+ 53. g3 hxg3+ 54.
Qxg3 Qxg3+ 55. Kxg3 Be6 56. Rh1 Kg7 57. Kxf3 Kg6 58. Ke3 Bd7 59. Kd4 Re6 60.
e5+ Kf7 61. Rg1 Rh6 62. Rxg5 Rxh3 63. Bg6+ Ke7 64. Rg2 Rh8 65. Rf2 Rd8 66. Kc5
a4 67. Rf6 Rc8+ 68. Kb6 Be6 69. Bf5 Bxf5 70. Rxf5 Ke6 71. Rh5 Rd8 72. Kxb5 Rb8+
73. Kxc4 Rxb2 74. Rh6+ Kxe5 75. Ra6 Rb8 76. Rxa4 Rc8+ 77. Kb3 Rb8+ 78. Rb4 Ra8
79. a4 Kd5 80. Rb5+ Kc6 81. Kb4 Ra7 82. c4 Ra8 83. a5 Rh8 84. Rb6+ Kc7 85. Kb5
Rh1 86. c5 Rb1+ 87. Ka6 Rc1 88. Rb7+ Kc8 89. Rb5 Kc7 90. Ka7 Kc6 91. Rb8 Kc7
92. Rb7+ Kc6 93. Kb8 Ra1 94. Rc7+ Kb5 95. c6 Rxa5 1/2-1/2

[Event "12sen.WM-H Naumburg"]
[Site "Naumburg/Saale(20.10.-03.11.)"]
[Date "2002.10.23"]
[Round "3"]
[White "Fanenbruck, Guenter"]
[Black "Luecke, Volkmar"]
[Result "1/2-1/2"]
[WhiteElo "1557"]
[BlackElo "1890"]
[PlyCount "77"]
[EventDate "2002.11.??"]

1. e4 e6 2. d4 d5 3. Nd2 dxe4 4. Nxe4 Nd7 5. Bd3 Ngf6 6. Nxf6+ Nxf6 7. Nf3 c5
8. O-O Qb6 9. c3 Bd7 10. Ne5 cxd4 11. Nxd7 Nxd7 12. Qa4 a6 13. cxd4 Qb4 14. Bc2
Rc8 15. Be3 Qxa4 16. Bxa4 b5 17. Bb3 Be7 18. Rac1 O-O 19. Rxc8 Rxc8 20. Rc1
Rxc1+ 21. Bxc1 Nb6 22. Bf4 Nd5 23. Bxd5 exd5 24. f3 f5 25. Kf2 Kf7 26. Be5 g6
27. Ke2 Ke6 28. g4 h5 29. h3 a5 30. b3 a4 31. Kd3 Bf6 32. Bf4 Be7 33. Be5 Kd7
34. Bf4 Kc6 35. Bd2 Bd6 36. Ba5 Bg3 37. Bd8 Kd7 38. Bf6 Ke6 39. Bd8 1/2-1/2

[Event "12sen.WM-H Naumburg"]
[Site "Naumburg/Saale(20.10.-03.11.)"]
[Date "2002.10.23"]
[Round "3"]
[White "Fassmann, Ewald"]
[Black "Assmann, Hans"]
[Result "1/2-1/2"]
[WhiteElo "1771"]
[BlackElo "1575"]
[PlyCount "30"]
[EventDate "2002.11.??"]

1. c4 Nf6 2. Nc3 e6 3. e3 b6 4. Nf3 Bb7 5. Be2 Be7 6. O-O d6 7. d4 Nbd7 8. b3
O-O 9. Bb2 a6 10. Rc1 c5 11. h3 Rc8 12. Nd2 cxd4 13. exd4 d5 14. Bf3 Re8 15.
cxd5 exd5 1/2-1/2